Nuclear Engineering Handbook / (Record no. 15151)

MARC details
000 -LEADER
fixed length control field 01308cam a2200301 a 4500
001 - CONTROL NUMBER
control field 15692774
005 - DATE AND TIME OF LATEST TRANSACTION
control field 20090808082239.0
008 - FIXED-LENGTH DATA ELEMENTS--GENERAL INFORMATION
fixed length control field 090408s2009 fluab bf 001 0 eng
010 ## - LIBRARY OF CONGRESS CONTROL NUMBER
LC control number 2009014909
020 ## - INTERNATIONAL STANDARD BOOK NUMBER
International Standard Book Number 1420053906 (hard back : alk. paper)
020 ## - INTERNATIONAL STANDARD BOOK NUMBER
International Standard Book Number 9781420053906 (hard back : alk. paper)
035 ## - SYSTEM CONTROL NUMBER
System control number (OCoLC)ocn148705247
040 ## - CATALOGING SOURCE
Original cataloging agency DLC
Transcribing agency DLC
Modifying agency BTCTA
-- BAKER
-- YDXCP
-- C#P
-- CDX
-- DLC
050 00 - LIBRARY OF CONGRESS CALL NUMBER
Classification number TK9151
Item number .N834 2009
082 00 - DEWEY DECIMAL CLASSIFICATION NUMBER
Classification number 621.48
Edition number 22
Item number NUC
245 00 - TITLE STATEMENT
Title Nuclear Engineering Handbook /
Statement of responsibility, etc Edited by Kenneth D. Kok.
260 ## - PUBLICATION, DISTRIBUTION, ETC. (IMPRINT)
Place of publication, distribution, etc Boca Raton :
Name of publisher, distributor, etc CRC Press, 2009
Date of publication, distribution, etc c2009.
300 ## - PHYSICAL DESCRIPTION
Extent xviii, 768 p. :
Other physical details ill., map ;
Dimensions 27 cm.
490 1# - Series Statement
Series statement Mechanical engineering series (Boca Raton, Fla.)
-- 22250
504 ## - BIBLIOGRAPHY, ETC. NOTE
Bibliography, etc Includes bibliographical references and index.
650 #0 - SUBJECT ADDED ENTRY--TOPICAL TERM
Topical term or geographic name as entry element Nuclear engineering
Form subdivision Handbooks, manuals, etc.
9 (RLIN) 23221
653 ## - INDEX TERM--UNCONTROLLED
Resource For college
Arrived date list April2011
700 1# - ADDED ENTRY--PERSONAL NAME
Personal name Kok, Kenneth D.
9 (RLIN) 23222
830 #0 - SERIES ADDED ENTRY--UNIFORM TITLE
Uniform title Mechanical engineering series (Boca Raton, Fla.)
9 (RLIN) 23223
942 ## - ADDED ENTRY ELEMENTS (KOHA)
Source of classification or shelving scheme Dewey Decimal Classification
Item type Book - Borrowing
Holdings
Withdrawn status Item status Source of classification or shelving scheme Damaged status Not for loan Vendor Home library Current library Shelving location Date acquired Source of acquisition Cost, normal purchase price Serial Enumeration / chronology Total Checkouts Full call number Barcode Date last seen Date last borrowed Koha item type
    Dewey Decimal Classification     Arab Oasis Central Library Central Library First floor 20/04/2011   935.00 72 1 621.48 NUC 000023312 15/07/2025 26/04/2015 Book - Borrowing